000 00308nam a22001337a 4500
008 180205b xxu||||| |||| 00| 0 eng d
020 _a9780691007960
041 _aeng
080 _a94
100 _a16
101 _ahis
245 _aa history of modern germany 1648.1840
_chajo.h
942 _2udc
_cBK
999 _c41727
_d41727